Contenidos de prevención del consumo de drogas en el marco curricular: según planes y programa del Ministerio de Educación. Sector Matemática, Enseñanza Media

保存先:
書誌詳細
フォーマット: 図書
言語:スペイン語
出版事項: Santiago Mineduc 2001
Santiago Conace 2001
主題:
タグ: タグ追加
タグなし, このレコードへの初めてのタグを付けませんか!

MARC

LEADER 00000nam a2200000 a 4500
001 UCL2343
003 CL-VaPUC
008 031017e20010000cl |||||||||||||||||spa|d
082 0 4 |a 362.29  |b CON  |2 21 
245 1 0 |a Contenidos de prevención del consumo de drogas en el marco curricular: según planes y programa del Ministerio de Educación. Sector Matemática, Enseñanza Media 
300 |a 40 p 
942 |c BK 
945 |d 20031017 00:00:00  |a cmena 
260 |a Santiago  |b Mineduc  |c 2001 
260 |a Santiago  |b Conace  |c 2001 
650 0 |a Drogas  |9 254877 
650 0 |a Drogadicción  |9 331967 
650 7 |a PREVENCION DE DROGAS  |2 CL-VaPUC  |9 419242 
650 0 |a Métodos de enseñanza  |9 270413 
583 |a last modification  |c 20171123 11:49:38  |k Rodrigo Vera 
999 |c 305682  |d 305680 
952 |0 0  |1 0  |4 0  |6 362_290000000000000_CON_2001_2001  |7 0  |8 A  |9 369938  |a BIBEDU  |b BIBEDU  |c ES_NOD  |d 2019-11-21  |i 3949621  |o 362.29 CON 2001 2001  |p 3949621  |r 2023-08-09  |w 2019-11-21  |y BK  |k EBA 
952 |0 0  |1 0  |4 0  |6 362_290000000000000_CON_2001_2001  |7 0  |8 A  |9 369939  |a BIBEDU  |b BIBEDU  |c ES_NOD  |d 2019-11-21  |i 4020243  |o 362.29 CON 2001 2001  |p 4020243  |r 2023-08-09  |w 2019-11-21  |y BK  |k EPE